Most Populated Countries In Each Continent - Statistics

General Stats
  • This quiz has been taken 45 times
  • The average score is 5 of 6
Answer Stats
Continent Country % Correct
Asia China
100%
Australia Australia
95%
Europe Russia
93%
Africa Nigeria
90%
South America Brazil
88%
North America United States
79%
No matching quizzes found
Score Distribution
Percent of People with Each Score
Percentile by Number Answered
Your Score History
You have not taken this quiz